Teen wolf quiz Stats

Quiz not verified by Sporcle

Challenge
Share
Tweet
Embed
Score 0/20 Timer 08:00
0 Plays Today
Hint Answer % Correct
what town does the show take place in?beacon hills
99.1%
who plays lydia martin?holland roden
93.7%
where do the calaveras live?mexico
88.3%
who said 'theres a body. It's Erica' while in an ice bathisaac lahey
83.8%
who works at the ice rink?vernon boyd
82.9%
who is the only character never on the deadpool?peter hale
77.5%
what posesses stiles in season 3b?nogitsune
76.6%
the subject that malia hates is?math
75.7%
who is the leader of the alpha pack?deucalion
73.9%
what subject does ken yukimura teach?history
71.2%
Hint Answer % Correct
what was jennifer blake?darach
70.3%
how many episodes are in season 1?12
69.4%
what country did allison live in between seasons 2 and 3?france
67.6%
which means?dark oak
67.6%
who opened the rift for stiles in season 6?lydia martin
64%
what did scott lose the night he was bitten in the woods?his inhaler
59.5%
who controlled the kanima?matt daehler
55%
what is marin morrell's occupation?guidance counselor
35.1%
who was the benefactor?merideth walker
20.7%
'nobel doesn't have a prize for mathematics. The ___________ is the one I'll be winning'field's metal
18.9%

You're not logged in!

Compare scores with friends on all Sporcle quizzes.
Sign Up with Email
OR
Log In

You Might Also Like...

Show Comments

Extras

Top Quizzes Today


Score Distribution

Your Account Isn't Verified!

In order to create a playlist on Sporcle, you need to verify the email address you used during registration. Go to your Sporcle Settings to finish the process.

Report this User

Report this user for behavior that violates our Community Guidelines.

Details: